000 00407cam a22001337a 4500
008 180718b1963 xxu||||| |||| 00| 0 eng d
082 _aW1x42 Un3
245 _aReshaping of british railways
_cby British Railways Board
260 _aLondon
_bHer Majesty's
_c1963
300 _aii,148p
500 _aPart I: Report, Part 2: Maps
650 _aRailroads --Great Britain.
700 _aU.K.British Railways Board
999 _c413711
_d413711